MLB Teams Knowledge 2-Cardinals - Statistics

General Stats
  • This quiz has been taken 25 times
  • The average score is 10 of 15
Answer Stats
Hint Answer % Correct
World Series Titles 11
95%
All Time Wins Leader(251) Bob Gibson
86%
All Time Strikeouts Leader(3,117) Bob Gibson
86%
All Time Innings Pitched Leader(3,884.1) Bob Gibson
86%
All Time Walked Batters Leader(1,336) Bob Gibson
86%
All Time Stolen Bases Leader(888) Lou Brock
86%
All Time Home Run Leader(475) Stan Musial
86%
All Time RBI Leader(1,951) Stan Musial
86%
All Time Hit Leader(3,630) Stan Musial
86%
All Time Extra Base Hit Leader(1,377) Stan Musial
86%
All Time Games Leader(3,026) Stan Musial
86%
All Time OBP Leader(.427) Rogers Hornsby
43%
All Time Saves Leader(217) Jason Isringhausen
29%
All Time Postseason Hit Leader(102) Yadier Molina
14%
All Time ERA Leader(2.52) John Tudor
5%
No matching quizzes found
Score Distribution
Percent of People with Each Score
Percentile by Number Answered
Your Score History
You have not taken this quiz